Vplyv brandingu vinárskych produktov na spotrebiteľské správanie
Preskúmanie, ako branding vinárskych produktov ovplyvňuje správanie spotrebiteľov so zameraním na vybrané atribúty, ktoré sú dôležité pre spotrebiteľov vína a identifikovanie rôznych úrovní dôležitosti, ktoré spotrebitelia pripisujú identifikovaným atribútom v čase nákupu.
Gespeichert in:
| 1. Verfasser: | |
|---|---|
| Weitere Verfasser: | |
| Format: | Buchkapitel |
| Sprache: | Slowakisch |
| Schlagworte: | |
| Tags: |
Keine Tags, Fügen Sie das erste Tag hinzu!
|
MARC
| LEADER | 00000naa a2200000 4500 | ||
|---|---|---|---|
| 001 | 0311826 | ||
| 005 | 20250807090546.3 | ||
| 041 | 0 | |a slo | |
| 044 | |a SK | ||
| 245 | 1 | 0 | |a Vplyv brandingu vinárskych produktov na spotrebiteľské správanie |c Petra Smetanová, Vanesa Pospíšilová |
| 520 | |a Preskúmanie, ako branding vinárskych produktov ovplyvňuje správanie spotrebiteľov so zameraním na vybrané atribúty, ktoré sú dôležité pre spotrebiteľov vína a identifikovanie rôznych úrovní dôležitosti, ktoré spotrebitelia pripisujú identifikovaným atribútom v čase nákupu. | ||
| 610 | 2 | 0 | |a značky výrobkov |
| 610 | 2 | 0 | |a víno |
| 610 | 2 | 0 | |a vinohradníctvo |
| 610 | 2 | 0 | |a správanie spotrebiteľa |
| 610 | 2 | 0 | |a rozhodovanie nákupné |
| 100 | 1 | |a Smetanová, Petra, 1999- | |
| 700 | 1 | |a Pospíšilová, Vanesa, 1998- | |